[Event "IND-ch Challengers (Women) 43rd"]
[Site "Chennai"]
[Date "2016.06.20"]
[Round "5"]
[White "Dakshinya, TRS"]
[Black "Mitali, Madhukar Patil"]
[Result "0-1"]
[WhiteElo "1635"]
[BlackElo "1870"]
[PlyCount "100"]
[EventDate "2016.06.17"]
[EventType "swiss"]
[EventRounds "11"]
[EventCountry "IND"]
[SourceTitle "CBM 173 Extra"]
[Source "ChessBase"]
[SourceDate "2016.08.29"]
[SourceVersion "1"]
[SourceVersionDate "2016.08.29"]
[SourceQuality "1"]

1. d4 d5 2. c4 Nc6 3. e3 e5 4. dxe5 d4 5. Be2 Bb4+ 6. Kf1 Bf5 7. a3 Be7 8. Bf3 dxe3 9. Bxe3 Nxe5 10. Nc3 Qxd1+ 11. Rxd1 Bd3+ 12. Be2 Bxc4 13. Bd4 Bf6 14. Re1 Be6 15. Bxe5 Bxe5 16. Bb5+ c6 17. Rxe5 cxb5 18. Nxb5 Kd7 19. Nf3 Nf6 20. Nd2 Rhc8 21. Nc3 Rc6 22. f3 Rac8 23. Kf2 Rb6 24. Rd1 Rxb2 25. Na4 Rbc2 26. Ke1 Kc6 27. Nb1 Bb3 28. Nac3 Rxg2 29. Rd4 Rxh2 30. Rb4 Be6 31. Rbb5 b6 32. Rb4 Rd8 33. Re2 Rxe2+ 34. Kxe2 a5 35. Rb2 Bc4+ 36. Kf2 b5 37. Nd2 Bd3 38. Ke3 a4 39. Nd1 Bf5 40. Nf2 h5 41. Kf4 g6 42. Nf1 Rd5 43. Ne3 Rc5 44. Kg5 Nd7 45. Rd2 Ne5 46. Kf4 Nc4 47. Nxc4 Rxc4+ 48. Ke5 Rc5+ 49. Kf6 Rc3 50. Kxf7 Rxf3 0-1

[Event "IND-ch Challengers (Women) 43rd"]
[Site "Chennai"]
[Date "2016.06.18"]
[Round "2"]
[White "Sushma Reddy, B."]
[Black "Dakshinya, TRS"]
[Result "0-1"]
[WhiteElo "1144"]
[BlackElo "1635"]
[PlyCount "44"]
[EventDate "2016.06.17"]
[EventType "swiss"]
[EventRounds "11"]
[EventCountry "IND"]
[SourceTitle "CBM 173 Extra"]
[Source "ChessBase"]
[SourceDate "2016.08.29"]
[SourceVersion "1"]
[SourceVersionDate "2016.08.29"]
[SourceQuality "1"]

1. e4 c5 2. Nf3 g6 3. d4 cxd4 4. Nxd4 Nc6 5. Nc3 Bg7 6. Be3 Nf6 7. Be2 0-0 8. Qd2 d6 9. 0-0-0 Nxd4 10. Bxd4 Be6 11. f3 Rc8 12. g4 Qa5 13. a3 a6 14. h4 b5 15. Qe3 Rc6 16. Kb1 b4 17. axb4 Qxb4 18. Qd2 Rb8 19. Na2 Qa3 20. Nc1 Nxe4 21. fxe4 Rxb2+ 22. Bxb2 Qxb2# 0-1

[Event "IND-ch Challengers (Women) 43rd"]
[Site "Chennai"]
[Date "2016.06.17"]
[Round "1"]
[White "Dakshinya, TRS"]
[Black "Vaishali, Ramesh Babu"]
[Result "0-1"]
[WhiteElo "1635"]
[BlackElo "2291"]
[PlyCount "68"]
[EventDate "2016.06.17"]
[EventType "swiss"]
[EventRounds "11"]
[EventCountry "IND"]
[SourceTitle "CBM 173 Extra"]
[Source "ChessBase"]
[SourceDate "2016.08.29"]
[SourceVersion "1"]
[SourceVersionDate "2016.08.29"]
[SourceQuality "1"]

1. d4 Nf6 2. c4 Nc6 3. Nf3 e6 4. Nc3 Bb4 5. Bg5 h6 6. Bh4 g5 7. Bg3 Ne4 8. Qd3 f5 9. e3 d6 10. a3 Bxc3+ 11. bxc3 Qf6 12. Nd2 Nxd2 13. Qxd2 e5 14. h3 f4 15. Bh2 Bf5 16. Be2 0-0-0 17. Ra2 Rde8 18. d5 Nb8 19. c5 dxc5 20. Rb2 Nd7 21. 0-0 h5 22. f3 g4 23. e4 g3 24. exf5 Reg8 25. Bb5 Nb6 26. a4 a5 27. c4 gxh2+ 28. Kxh2 Rg3 29. Qxa5 e4 30. Qd2 Qg5 31. d6 Rg8 32. d7+ Kd8 33. a5 Rxh3+ 34. Kg1 Qh4 0-1

[Event "IND-ch U17 Girls 25th"]
[Site "Bihar"]
[Date "2014.12.02"]
[Round "1"]
[White "Dakshinya, TRS"]
[Black "Srija, Seshadri"]
[Result "0-1"]
[WhiteElo "1588"]
[BlackElo "2104"]
[PlyCount "50"]
[EventDate "2014.12.02"]
[EventType "swiss"]
[EventRounds "11"]
[EventCountry "IND"]
[SourceTitle "EXT 2016"]
[Source "ChessBase"]
[SourceDate "2015.10.08"]
[SourceVersion "1"]
[SourceVersionDate "2015.10.08"]
[SourceQuality "1"]

1. d4 d5 2. c4 e6 3. Nc3 Be7 4. e3 Nf6 5. Nf3 0-0 6. Bd3 b6 7. e4 dxe4 8. Nxe4 Bb7 9. Qc2 g6 10. b3 Nc6 11. Bb2 Nb4 12. Nxf6+ Bxf6 13. Qe2 Bxf3 14. Qxf3 Bxd4 15. Bxd4 Qxd4 16. Rd1 Qc3+ 17. Rd2 Rad8 18. Ke2 Nxd3 19. Rhd1 Nc1+ 20. Ke1 Rd3 21. Qf4 Rfd8 22. h4 Rxd2 23. Qxd2 Rxd2 24. Rxd2 Nd3+ 25. Ke2 Nxf2 0-1

[Event "IND-ch U15 Girls"]
[Site "Thrissur"]
[Date "2014.08.07"]
[Round "5"]
[White "Toshali, V."]
[Black "Dakshinya, TRS"]
[Result "0-1"]
[WhiteElo "1770"]
[BlackElo "1565"]
[PlyCount "60"]
[EventDate "2014.08.04"]
[EventType "swiss"]
[EventRounds "11"]
[EventCountry "IND"]
[SourceTitle "CBM 162 Extra"]
[Source "ChessBase"]
[SourceDate "2014.10.17"]
[SourceVersion "1"]
[SourceVersionDate "2014.10.17"]
[SourceQuality "1"]

1. e4 c5 2. Nc3 g6 3. f4 Bg7 4. Nf3 Nc6 5. Bb5 Nd4 6. 0-0 a6 7. Bc4 e6 8. d3 Ne7 9. Be3 d5 10. Bb3 Nxf3+ 11. Qxf3 d4 12. f5 f6 13. fxe6 dxe3 14. Ne2 Nc6 15. e5 Nxe5 16. Qxe3 Qe7 17. c3 c4 18. dxc4 Bxe6 19. Ba4+ Bd7 20. Bb3 Rc8 21. Qf4 0-0 22. Rad1 Be6 23. Rd4 Qc7 24. Qe4 Qc6 25. Rf4 f5 26. Qxc6 Rxc6 27. a3 Bh6 28. Rf1 Be3+ 29. Kh1 Bxd4 30. Nxd4 Rb6 0-1